[Event "46th OKU-A 2019"]
[Site "Utrecht"]
[Date "2019.05.31"]
[Round "1.12"]
[White "Emans, Job"]
[Black "Ootes, Lars"]
[Result "0-1"]
[WhiteElo "1968"]
[BlackElo "2360"]
[Annotator "TA"]
[PlyCount "114"]
[EventDate "2019.05.31"]
[EventType "swiss"]
[EventCountry "NED"]
[SourceTitle "playchess.com"]
[Source "ChessBase"]
[SourceQuality "1"]

{[%evp 13,114,37,28,10,1,-12,-2,-12,-2,-17,1,-1,26,-11,73,0,131,77,61,70,78,59,84,62,79,63,77,0,0,0,119,111,108,106,131,128,122,87,86,55,55,26,47,0,76,-7,0,-48,0,-5,0,-8,0,-37,-33,-89,0,0,0,-152,-153,-317,-284,-581,-190,-181,-168,-262,-211,-599,-582,-567,-533,-954,-425,-5693,-46,-65,-66,-120,-141,-112,-105,-121,-150,-218,-194,-215,-54,-150,-38,-58,-15,-14,-24,-39,-5,-6,-3,-1516,-1866,-1094,-1021]} 1. d4 d6 2. c4 f5 3. g3 g6 4. Bg2 Bg7 5. Nc3 Nf6 6. Nh3 c6 7. O-O O-O 8. f3 {A86: Dutch Defence: Leningrad System: Unusual lines and 5 Nh3} (8. d5 Bd7 9. c5 dxc5 10. Qb3 Qb6 11. dxc6+ Qxb3 12. cxb7 Qb6 13. bxa8=Q Nc6 14. Na4 Qb5 15. Bxc6 Bxc6 16. Qxa7 Qxe2 {1-0 (62) Li,C (2728)-Gabrielian,A (2551) Cappelle-la-Grande 2015}) 8... e5 9. d5 Na6 10. Nf2 {The position is equal.} cxd5 11. cxd5 Nc7 $146 ({Predecessor:} 11... Qb6 12. Kh1 Bd7 {0-1 (39) Ivekovic,A (2093)-Nemec,V (2176) Croatia 2016}) 12. e4 b5 13. Bd2 f4 (13... b4 $11 14. Ne2 a5) 14. Rc1 (14. gxf4 $16 exf4 15. Ne2) 14... Rf7 (14... Nh5 $11 {remains equal.}) 15. Ne2 (15. gxf4 $142 exf4 16. Ne2) 15... fxg3 $16 16. hxg3 a5 17. Be3 Rb8 18. Qd2 b4 19. Rc6 Bb7 20. Rb6 (20. Rc2 $16) 20... Bf8 $1 $11 21. Bh3 Nd7 (21... Qe8 $1 $11) 22. Rxb7 $1 $16 Rxb7 23. Be6 $1 Nf6 24. Bxf7+ Kxf7 25. Bg5 {f4 is the strong threat.} Nce8 26. f4 {aiming for Bxf6.} Kg8 27. fxe5 dxe5 28. Qe3 Rf7 (28... Qc8 $11 29. Rc1 Rc7) 29. Nd3 (29. Nc1 $1 $16) 29... Qd6 30. Qf2 Be7 31. Kg2 Qc7 32. Qf3 Bd6 33. Nec1 Qc4 $36 {[%mdl 2048] Black has good play.} 34. Nb3 (34. Bxf6 $15 Rxf6 35. b3) 34... a4 ({Black should play} 34... Qxe4 $17 35. Qxe4 Nxe4 36. Rxf7 Kxf7) 35. Nd2 $11 Qxa2 36. Qf2 $2 (36. Rf2 $11) 36... a3 $17 37. Qb6 $2 (37. Qe1 $17) 37... axb2 $19 38. Qd8 $2 (38. Nf2 {was called for.}) 38... Be7 $2 (38... Kg7 39. Kh3 b1=Q $1 {[%mdl 512]} 40. Rxb1 Bc7 41. Nxb4 Qxb1 {[%mdl 64] Double Attack} 42. Qxf6+ Nxf6 43. Nxb1 Nxe4) 39. Qc8 Kg7 $1 40. Nxe5 (40. Qh3 $142 b1=Q 41. Rxb1 Nxe4 {[%mdl 64] Discovered Attack} 42. Bh6+ Kg8 43. Qe6) 40... Nd6 41. Qe6 $2 (41. Qh3 b1=Q 42. Rxb1 Nfxe4 {[%mdl 64] Discovered Attack} 43. Bh6+ Kg8 44. Nxf7) 41... b1=Q $1 {[%cal Rb1e4]} 42. Rxb1 Nfxe4 43. Nxf7 {Bh6+ would kill now.} Nxg5 (43... Bxg5 $142 44. Qe5+ Bf6) 44. Rd1 (44. Nxg5 $142 Qxd2+ {[%mdl 64] Double Attack} 45. Kf3 Qxg5 46. Re1) 44... Ndxf7 $2 (44... Nxe6 $19 45. dxe6 Nf5) 45. Qxe7 $15 {next Qc5 is good for White.} Qxd5+ 46. Kf1 ({White should try} 46. Kf2 $1 $15) 46... Qh1+ $17 47. Ke2 {[#]} Qg2+ $1 {[%mdl 64] Double Attack} 48. Kd3 Qxg3+ 49. Ke2 Qg2+ 50. Kd3 Qd5+ $2 (50... Qh3+ $19 51. Ke2 Qh5+ 52. Ke1 Qh4+ 53. Ke2 Qg4+ 54. Ke1 Qg3+ 55. Kf1 Nh3 56. Qf6+ Kg8) 51. Ke2 {[#]} ({Better is} 51. Ke3 $15) 51... Qb5+ (51... Ne6 $1 $17 {[%cal Re6d4]} 52. Rf1 Nd4+ 53. Ke1 Nf5 54. Qxb4 Qe5+ 55. Qe4 Qc5) 52. Ke1 b3 {Threatens to win with ...Qd3.} 53. Rb1 b2 54. Qe3 h5 55. Qd4+ Ne5 {White must now prevent ...Ne6.} 56. Qxb2 $2 {[%mdl 8192]} (56. Rxb2 $11 Qa5 57. Rb7+ Kh6 58. Kd1) 56... Qxb2 $19 57. Rxb2 Nd3+ {[%mdl 64] Double Attack. Accuracy: White = 24%, Black = 39%.} 0-1

[Event "46th OKU-A 2019"]
[Site "Utrecht"]
[Date "2019.06.01"]
[Round "2.1"]
[White "Ten Hertog, Hugo"]
[Black "Kokje, Joris"]
[Result "1-0"]
[WhiteElo "2480"]
[BlackElo "2257"]
[Annotator "ChessBase"]
[PlyCount "45"]
[EventDate "2019.05.31"]
[EventType "swiss"]
[EventCountry "NED"]
[SourceTitle "playchess.com"]
[Source "ChessBase"]
[SourceQuality "1"]
[TimeControl "6600+10"]

1. g3 {[%emt 0:00:19]} d5 {[%emt 0:01:10]} 2. Bg2 {[%emt 0:00:08]} e5 {[%emt 0:00:15]} 3. d3 {[%emt 0:00:22]} c5 {[%emt 0:00:10]} 4. e4 {[%emt 0:03:57]} d4 {[%emt 0:03:29]} 5. f4 {[%emt 0:03:13]} Nc6 {[%emt 0:01:12]} 6. Nf3 {[%emt 0:01:08]} Bd6 {[%emt 0:02:36]} 7. Na3 {[%emt 0:03:40]} Nge7 {[%emt 0:05:29]} 8. O-O {[%emt 0:06:17]} f6 {[%emt 0:05:32]} 9. Nc4 {[%emt 0:10:46]} O-O {[%emt 0:07:47]} 10. a4 {[%emt 0:04:05]} a6 {[%emt 0:02:59]} 11. f5 {[%emt 0:03:19]} Rb8 {[%emt 0:03:52]} 12. a5 {[%emt 0:03:56]} Bc7 {[%emt 0:03:05]} 13. Bd2 {[%emt 0:07:08]} Nb4 {[%emt 0:03:48]} 14. g4 {[%emt 0:04:57]} Nec6 {[%emt 0:03:17]} 15. g5 {[%emt 0:04:39]} Nxa5 {[%emt 0:08:22]} 16. gxf6 {[%emt 0:05:02]} gxf6 {[%emt 0:00:32]} 17. Rxa5 {[%emt 0:13:55]} Bxa5 {[%emt 0:04:31]} 18. Bh6 {[%emt 0:00:05]} Rf7 {[%emt 0:03:54]} 19. Nfxe5 {[%emt 0:05:20]} fxe5 {[%emt 0:02:56]} 20. Rf3 {[%emt 0:00:08]} Bxf5 {[%emt 0:17:46]} 21. Rxf5 {[%emt 0:03:02]} Rxf5 {[%emt 0:01:28]} 22. Qg4+ {[%emt 0:01:10]} Kh8 {[%emt 0:01:05]} 23. Qg7# {[%emt 0:00:06]} 1-0

[Event "46th OKU-A 2019"]
[Site "Utrecht"]
[Date "2019.06.01"]
[Round "2.2"]
[White "Halfhide, Sebastian"]
[Black "Beerdsen, Thomas"]
[Result "1/2-1/2"]
[WhiteElo "2252"]
[BlackElo "2488"]
[Annotator "ChessBase"]
[PlyCount "104"]
[EventDate "2019.05.31"]
[EventType "swiss"]
[EventCountry "NED"]
[SourceTitle "playchess.com"]
[Source "ChessBase"]
[SourceQuality "1"]
[TimeControl "6600+10"]

1. e4 {[%emt 0:00:07]} c5 {[%emt 0:00:23]} 2. Nf3 {[%emt 0:00:07]} e6 {[%emt 0:00:06]} 3. g3 {[%emt 0:01:46]} d5 {[%emt 0:02:23]} 4. exd5 {[%emt 0:01:30]} exd5 {[%emt 0:00:13]} 5. Bg2 {[%emt 0:01:42]} Qe7+ {[%emt 0:06:49]} 6. Qe2 {[%emt 0:00:07]} Nc6 {[%emt 0:00:54]} 7. Qxe7+ {[%emt 0:01:37]} Ngxe7 {[%emt 0:03:02]} 8. O-O {[%emt 0:05:12]} g6 {[%emt 0:11:00]} 9. d3 {[%emt 0:10:02]} Bg7 {[%emt 0:03:24]} 10. Nc3 {[%emt 0:00:43]} Be6 {[%emt 0:03:54]} 11. Bf4 {[%emt 0:10:45]} h6 {[%emt 0:04:50]} 12. Nb5 {[%emt 0:09:09]} Kd7 {[%emt 0:01:53]} 13. Nc7 {[%emt 0:06:10]} g5 {[%emt 0:01:05]} 14. Nxe6 {[%emt 0:00:17]} fxe6 {[%emt 0:00:05]} 15. Be3 {[%emt 0:06:40]} b6 {[%emt 0:03:02]} 16. c3 {[%emt 0:00:21]} Nf5 {[%emt 0:04:40]} 17. Ne1 {[%emt 0:17:56]} Nxe3 {[%emt 0:06:42]} 18. fxe3 {[%emt 0:00:09]} Rhf8 {[%emt 0:02:10]} 19. Nc2 {[%emt 0:12:57]} b5 {[%emt 0:02:44]} 20. d4 {[%emt 0:03:13]} b4 {[%emt 0:02:03]} 21. cxb4 {[%emt 0:01:18]} cxd4 {[%emt 0:15:27]} 22. b5 {[%emt 0:02:51]} Ne7 {[%emt 0:00:16]} 23. Nxd4 {[%emt 0:02:13]} Bxd4 {[%emt 0:00:39]} 24. exd4 {[%emt 0:00:04]} Nf5 {[%emt 0:06:54]} 25. Rad1 {[%emt 0:03:31]} Ne3 {[%emt 0:06:31]} 26. Rxf8 {[%emt 0:00:17]} Rxf8 {[%emt 0:00:03]} 27. Rd3 {[%emt 0:02:21]} Nc4 {[%emt 0:03:28]} 28. b3 {[%emt 0:03:25]} Na3 {[%emt 0:00:37]} 29. Bf3 {[%emt 0:03:37]} Nxb5 {[%emt 0:02:05]} 30. Bg4 {[%emt 0:00:54]} Rc8 {[%emt 0:01:16]} 31. Rd2 {[%emt 0:00:01]} Rc1+ {[%emt 0:01:38]} 32. Kg2 {[%emt 0:00:01]} Kd6 {[%emt 0:00:38]} 33. h4 {[%emt 0:00:35]} Nc3 {[%emt 0:01:10]} 34. Bf3 {[%emt 0:01:28]} Ra1 {[%emt 0:00:41]} 35. hxg5 {[%emt 0:00:40]} hxg5 {[%emt 0:00:04]} 36. Kh3 {[%emt 0:00:13]} Rxa2 {[%emt 0:00:39]} 37. Rxa2 {[%emt 0:01:06]} Nxa2 {[%emt 0:00:05]} 38. Kg4 {[%emt 0:00:04]} Nb4 {[%emt 0:00:49]} 39. Kxg5 {[%emt 0:00:05]} Nc6 {[%emt 0:00:05]} 40. Kf6 {[%emt 0:00:19]} Nxd4 {[%emt 0:00:05]} 41. Bd1 {[%emt 0:00:03]} Nf5 {[%emt 0:08:04]} 42. g4 {[%emt 0:00:03]} Ne7 {[%emt 0:00:21]} 43. g5 {[%emt 0:00:20]} d4 {[%emt 0:01:04]} 44. g6 {[%emt 0:00:48]} Nxg6 {[%emt 0:00:31]} 45. Kxg6 {[%emt 0:00:03]} Ke5 {[%emt 0:00:08]} 46. Kf7 {[%emt 0:00:33]} d3 {[%emt 0:00:48]} 47. Ke7 {[%emt 0:00:06]} d2 {[%emt 0:01:09]} 48. Kd7 {[%emt 0:00:05]} a5 {[%emt 0:00:51]} 49. Ke7 {[%emt 0:00:02]} Kd5 {[%emt 0:00:13]} 50. Bf3+ {[%emt 0:00:01]} Ke5 {[%emt 0:00:07]} 51. Bd1 {[%emt 0:00:03]} Kd5 {[%emt 0:00:14]} 52. Bf3+ {[%emt 0:00:01]} Ke5 {[%emt 0:00:35]} 1/2-1/2

[Event "46th OKU-A 2019"]
[Site "Utrecht"]
[Date "2019.06.01"]
[Round "2.3"]
[White "Arnaudov, G. Petar"]
[Black "Elgersma, Onno"]
[Result "1-0"]
[WhiteElo "2482"]
[BlackElo "2166"]
[Annotator "ChessBase"]
[PlyCount "99"]
[EventDate "2019.05.31"]
[EventType "swiss"]
[EventCountry "NED"]
[SourceTitle "playchess.com"]
[Source "ChessBase"]
[SourceQuality "1"]
[TimeControl "6600+10"]

1. e4 {[%emt 0:05:28]} c6 {[%emt 0:00:08]} 2. d4 {[%emt 0:00:06]} d5 {[%emt 0:00:06]} 3. e5 {[%emt 0:00:05]} Bf5 {[%emt 0:00:40]} 4. h4 {[%emt 0:00:04]} h5 {[%emt 0:02:56]} 5. Bg5 {[%emt 0:00:07]} Qb6 {[%emt 0:04:59]} 6. Bd3 {[%emt 0:00:05]} Bxd3 {[%emt 0:03:17]} 7. Qxd3 {[%emt 0:00:14]} e6 {[%emt 0:02:06]} 8. Nd2 {[%emt 0:00:06]} Qa6 {[%emt 0:02:39]} 9. c4 {[%emt 0:00:07]} Nd7 {[%emt 0:03:01]} 10. Ngf3 {[%emt 0:01:39]} Nh6 {[%emt 0:12:17]} 11. O-O {[%emt 0:01:00]} Nf5 {[%emt 0:00:31]} 12. Qc3 {[%emt 0:00:15]} dxc4 {[%emt 0:04:07]} 13. Nxc4 {[%emt 0:00:48]} Nb6 {[%emt 0:01:06]} 14. Ne3 {[%emt 0:00:42]} Ne7 {[%emt 0:11:46]} 15. Nd2 {[%emt 0:01:10]} Ned5 {[%emt 0:02:37]} 16. Qb3 {[%emt 0:00:42]} Qa4 {[%emt 0:12:58]} 17. Qd3 {[%emt 0:00:57]} Rc8 {[%emt 0:00:18]} 18. Ne4 {[%emt 0:02:42]} Qb5 {[%emt 0:07:00]} 19. Qc2 {[%emt 0:04:11]} Nb4 {[%emt 0:01:41]} 20. Qd1 {[%emt 0:01:14]} a5 {[%emt 0:06:22]} 21. a3 {[%emt 0:01:29]} N4d5 {[%emt 0:01:03]} 22. Nc3 {[%emt 0:00:43]} Qa6 {[%emt 0:04:24]} 23. Ncxd5 {[%emt 0:01:07]} cxd5 {[%emt 0:03:51]} 24. Rc1 {[%emt 0:00:19]} Rc6 {[%emt 0:07:09]} 25. Rxc6 {[%emt 0:01:50]} bxc6 {[%emt 0:00:18]} 26. Qc2 {[%emt 0:00:16]} Nd7 {[%emt 0:01:29]} 27. Rc1 {[%emt 0:00:42]} Be7 {[%emt 0:05:10]} 28. Qxc6 {[%emt 0:00:54]} Qxc6 {[%emt 0:00:14]} 29. Rxc6 {[%emt 0:00:06]} Bxg5 {[%emt 0:00:24]} 30. hxg5 {[%emt 0:00:04]} Ke7 {[%emt 0:00:23]} 31. b3 {[%emt 0:01:25]} Rb8 {[%emt 0:00:58]} 32. Rc3 {[%emt 0:00:04]} f6 {[%emt 0:02:36]} 33. gxf6+ {[%emt 0:00:57]} gxf6 {[%emt 0:00:05]} 34. f4 {[%emt 0:00:07]} fxe5 {[%emt 0:00:21]} 35. fxe5 {[%emt 0:00:08]} Rb7 {[%emt 0:03:10]} 36. Nf1 {[%emt 0:00:42]} Kf7 {[%emt 0:01:47]} 37. Nd2 {[%emt 0:01:29]} Kg6 {[%emt 0:01:10]} 38. Kf2 {[%emt 0:00:28]} Kf5 {[%emt 0:00:33]} 39. Rf3+ {[%emt 0:01:01]} Kg6 {[%emt 0:00:16]} 40. Rg3+ {[%emt 0:00:07]} Kh6 {[%emt 0:00:19]} 41. Rc3 {[%emt 0:00:21]} Nf8 {[%emt 0:00:18]} 42. Rf3 {[%emt 0:01:31]} Kg7 {[%emt 0:00:14]} 43. Ke2 {[%emt 0:00:22]} Rc7 {[%emt 0:00:08]} 44. Kd3 {[%emt 0:00:08]} Rc1 {[%emt 0:00:08]} 45. Rf1 {[%emt 0:00:07]} Rc7 {[%emt 0:00:09]} 46. Nf3 {[%emt 0:02:17]} Nh7 {[%emt 0:00:07]} 47. b4 {[%emt 0:00:26]} axb4 {[%emt 0:00:02]} 48. axb4 {[%emt 0:00:04]} Rb7 {[%emt 0:00:10]} 49. Kc3 {[%emt 0:00:37]} Kg6 {[%emt 0:00:15]} 50. Kb3 {[%emt 0:00:11]} 1-0

[Event "46th OKU-A 2019"]
[Site "Utrecht"]
[Date "2019.06.01"]
[Round "2.4"]
[White "Lecomte, Robin"]
[Black "Warmerdam, Max"]
[Result "0-1"]
[WhiteElo "2224"]
[BlackElo "2476"]
[Annotator "ChessBase"]
[PlyCount "48"]
[EventDate "2019.05.31"]
[EventType "swiss"]
[EventCountry "NED"]
[SourceTitle "playchess.com"]
[Source "ChessBase"]
[SourceQuality "1"]
[TimeControl "6600+10"]

1. Nf3 {[%emt 0:00:00]} d5 {[%emt 0:00:10]} 2. b3 {[%emt 0:00:23]} Bg4 {[%emt 0:00:57]} 3. Bb2 {[%emt 0:00:32]} Bxf3 {[%emt 0:01:09]} 4. exf3 {[%emt 0:03:40]} e6 {[%emt 0:03:11]} 5. c4 {[%emt 0:03:05]} dxc4 {[%emt 0:01:41]} 6. bxc4 {[%emt 0:00:12]} c5 {[%emt 0:00:51]} 7. Qb3 {[%emt 0:04:58]} Qd7 {[%emt 0:02:50]} 8. g3 {[%emt 0:03:44]} Nc6 {[%emt 0:01:59]} 9. Bg2 {[%emt 0:00:17]} Nge7 {[%emt 0:02:34]} 10. O-O {[%emt 0:02:23]} Nf5 {[%emt 0:01:24]} 11. f4 {[%emt 0:19:24]} Be7 {[%emt 0:03:03]} 12. Na3 {[%emt 0:03:55]} O-O {[%emt 0:01:54]} 13. Rad1 {[%emt 0:00:55]} Rfd8 {[%emt 0:18:48]} 14. Nc2 {[%emt 0:00:22]} Rac8 {[%emt 0:00:18]} 15. Rfe1 {[%emt 0:00:34]} b6 {[%emt 0:00:32]} 16. Bc3 {[%emt 0:06:26]} Bf6 {[%emt 0:09:33]} 17. Bxf6 {[%emt 0:17:54]} gxf6 {[%emt 0:00:21]} 18. d3 {[%emt 0:02:51]} Ncd4 {[%emt 0:00:44]} 19. Qb2 {[%emt 0:04:44]} Nxc2 {[%emt 0:00:15]} 20. Qxc2 {[%emt 0:00:03]} Nd4 {[%emt 0:00:08]} 21. Qc3 {[%emt 0:00:05]} f5 {[%emt 0:02:55]} 22. Rd2 {[%emt 0:00:57]} Qa4 {[%emt 0:03:52]} 23. h4 {[%emt 0:01:35]} Rd6 {[%emt 0:00:25]} 24. Red1 {[%emt 0:01:42]} Qxd1+ {[%emt 0:00:11]} 0-1

[Event "46th OKU-A 2019"]
[Site "Utrecht"]
[Date "2019.06.01"]
[Round "2.5"]
[White "Meng, Roger"]
[Black "Vroombout, Enrico"]
[Result "1-0"]
[WhiteElo "2443"]
[BlackElo "2137"]
[Annotator "ChessBase"]
[PlyCount "89"]
[EventDate "2019.05.31"]
[EventType "swiss"]
[EventCountry "NED"]
[SourceTitle "playchess.com"]
[Source "ChessBase"]
[SourceQuality "1"]
[TimeControl "6600+10"]

1. d4 {[%emt 0:00:00]} Nf6 {[%emt 0:00:00]} 2. Nf3 {[%emt 0:00:04]} g6 {[%emt 0:00:00]} 3. c4 {[%emt 0:00:04]} Bg7 {[%emt 0:00:02]} 4. Nc3 {[%emt 0:00:02]} O-O {[%emt 0:00:05]} 5. Bf4 {[%emt 0:00:43]} d6 {[%emt 0:04:17]} 6. e3 {[%emt 0:00:41]} Bg4 {[%emt 0:09:29]} 7. Be2 {[%emt 0:05:52]} Nbd7 {[%emt 0:08:58]} 8. O-O {[%emt 0:01:35]} c6 {[%emt 0:00:18]} 9. h3 {[%emt 0:00:32]} Bxf3 {[%emt 0:00:05]} 10. Bxf3 {[%emt 0:00:04]} e5 {[%emt 0:00:40]} 11. Bh2 {[%emt 0:00:36]} Re8 {[%emt 0:05:46]} 12. b4 {[%emt 0:00:42]} a6 {[%emt 0:09:56]} 13. a4 {[%emt 0:07:12]} exd4 {[%emt 0:24:20]} 14. exd4 {[%emt 0:00:21]} Nf8 {[%emt 0:00:08]} 15. b5 {[%emt 0:07:54]} d5 {[%emt 0:03:39]} 16. bxc6 {[%emt 0:20:48]} bxc6 {[%emt 0:00:04]} 17. cxd5 {[%emt 0:05:16]} cxd5 {[%emt 0:00:06]} 18. Be5 {[%emt 0:03:13]} Rc8 {[%emt 0:04:51]} 19. Qb3 {[%emt 0:09:49]} Ne4 {[%emt 0:03:40]} 20. Bxe4 {[%emt 0:08:51]} dxe4 {[%emt 0:00:15]} 21. Rad1 {[%emt 0:03:28]} Bxe5 {[%emt 0:15:37]} 22. dxe5 {[%emt 0:00:01]} Qh4 {[%emt 0:00:06]} 23. Rd5 {[%emt 0:00:22]} Ne6 {[%emt 0:01:09]} 24. Re1 {[%emt 0:08:30]} Ng5 {[%emt 0:00:25]} 25. Re3 {[%emt 0:00:13]} Rb8 {[%emt 0:05:48]} 26. Qa2 {[%emt 0:09:31]} Rb4 {[%emt 0:01:37]} 27. Rg3 {[%emt 0:01:25]} Reb8 {[%emt 0:06:03]} 28. Rg4 {[%emt 0:01:44]} Qh6 {[%emt 0:02:31]} 29. Qd2 {[%emt 0:02:37]} Nxh3+ {[%emt 0:00:29]} 30. gxh3 {[%emt 0:00:01]} Qxh3 {[%emt 0:00:07]} 31. Rg3 {[%emt 0:02:43]} Rb1+ {[%emt 0:00:07]} 32. Nd1 {[%emt 0:00:03]} Qe6 {[%emt 0:02:51]} 33. Kg2 {[%emt 0:00:07]} h5 {[%emt 0:00:15]} 34. Rd8+ {[%emt 0:02:13]} Rxd8 {[%emt 0:00:05]} 35. Qxd8+ {[%emt 0:00:04]} Kg7 {[%emt 0:00:00]} 36. Nc3 {[%emt 0:02:22]} Rb4 {[%emt 0:01:29]} 37. Qf6+ {[%emt 0:02:53]} Qxf6 {[%emt 0:00:01]} 38. exf6+ {[%emt 0:00:01]} Kh6 {[%emt 0:00:07]} 39. Re3 {[%emt 0:00:08]} Rc4 {[%emt 0:00:32]} 40. Nxe4 {[%emt 0:00:17]} Rxa4 {[%emt 0:00:06]} 41. Nd6 {[%emt 0:00:01]} Rf4 {[%emt 0:00:26]} 42. Nxf7+ {[%emt 0:00:08]} Kh7 {[%emt 0:00:04]} 43. Ng5+ {[%emt 0:00:03]} Kh6 {[%emt 0:00:08]} 44. Rf3 {[%emt 0:01:07]} Rxf3 {[%emt 0:00:20]} 45. Kxf3 {[%emt 0:00:03]} 1-0